[Event "Quebec-ch U20"]
[Site "Montreal CAN"]
[Date "2004.05.16"]
[Round "5"]
[White "Tomb, Maroun"]
[Black "Laframboise, Marc-Andre"]
[Result "1-0"]
[WhiteElo "2133"]
[BlackElo "2117"]
[PlyCount "119"]
[GameId "2160767911158222"]
[EventDate "2004.05.14"]
[EventType "tourn"]
[EventRounds "5"]
[EventCountry "CAN"]

1. Nc3 c5 2. Nf3 d5 3. e4 dxe4 4. Nxe4 e6 5. Bb5+ Bd7 6. Qe2 a6 7. Bxd7+ Nxd7 8. b3 Ngf6 9. Bb2 Be7 10. d3 Qc7 11. O-O O-O 12. Rfe1 b5 13. Nxf6+ Bxf6 14. Bxf6 Nxf6 15. Qe5 Rac8 16. a4 Nd5 17. axb5 axb5 18. Qxc7 Rxc7 19. Ra5 Rb8 20. Rea1 f6 21. Kf1 Nb4 22. Ne1 e5 23. Ra8 Nc6 24. Ke2 Rxa8 25. Rxa8+ Kf7 26. Kd2 Nd4 27. Rb8 b4 28. Ra8 Kg6 29. Ra5 Kg5 30. h3 h5 31. g3 h4 32. Ke3 Nf5+ 33. Kf3 g6 34. g4 Nd4+ 35. Ke4 f5+ 36. gxf5 gxf5+ 37. Kd5 Kf4 38. Ng2+ Kf3 39. Nxh4+ Kxf2 40. Rxc5 Rxc5+ 41. Kxc5 f4 42. Ng6 Nxc2 43. Nxe5 Ke3 44. h4 Nd4 45. h5 Ne6+ 46. Kxb4 Kd4 47. h6 Nf8 48. Ng4 Kxd3 49. Ka5 Ke4 50. b4 f3 51. b5 Kf4 52. Nh2 Kg5 53. Nxf3+ Kxh6 54. Ne5 Ne6 55. b6 Nd8 56. Kb5 Kg7 57. Kc5 Kf6 58. Kd6 Nb7+ 59. Kc7 Na5 60. Nc6 1-0

[Event "Quebec-ch qual"]
[Site "Quebec CAN"]
[Date "2004.05.21"]
[Round "1"]
[White "Arteau, Benoit"]
[Black "Tremblay, Rejean"]
[Result "0-1"]
[WhiteElo "1620"]
[BlackElo "2168"]
[PlyCount "76"]
[GameId "2160767911158295"]
[EventDate "2004.05.??"]
[EventType "swiss"]
[EventRounds "5"]
[EventCountry "CAN"]
[SourceTitle "EXT 2006"]
[Source "ChessBase"]
[SourceDate "2005.11.24"]
[SourceVersion "1"]
[SourceVersionDate "2005.11.24"]
[SourceQuality "1"]

1. d4 Nf6 2. c4 g6 3. g3 Bg7 4. Bg2 O-O 5. e4 d6 6. Ne2 Nc6 7. O-O e5 8. dxe5 Nxe5 9. Qc2 Be6 10. b3 Nfd7 11. Bb2 Nc5 12. Rd1 Bg4 13. Nbc3 Nf3+ 14. Kh1 Qg5 15. h3 Qh6 16. Bc1 g5 17. h4 Nxh4 18. gxh4 Qxh4+ 19. Kg1 Bxe2 20. Qxe2 Bxc3 21. Rb1 Rae8 22. f3 Ne6 23. Be3 Be5 24. b4 b6 25. a4 f5 26. exf5 Rxf5 27. Qc2 Qh2+ 28. Kf1 Rxf3+ 29. Bf2 Rxf2+ 30. Qxf2 Rf8 31. Bf3 Qxf2+ 32. Kxf2 g4 33. Rd3 Nd4 34. Rg1 h5 35. Rh1 Rf5 36. Kg2 Nxf3 37. Re3 h4 38. Re4 h3+ 0-1

[Event "Quebec-ch qual"]
[Site "Quebec CAN"]
[Date "2004.05.21"]
[Round "1"]
[White "Champetier, Serge"]
[Black "Fillion, Nicolas"]
[Result "1/2-1/2"]
[WhiteElo "1988"]
[BlackElo "1594"]
[PlyCount "58"]
[GameId "2160767911158296"]
[EventDate "2004.05.??"]
[EventType "swiss"]
[EventRounds "5"]
[EventCountry "CAN"]
[SourceTitle "EXT 2006"]
[Source "ChessBase"]
[SourceDate "2005.11.24"]
[SourceVersion "1"]
[SourceVersionDate "2005.11.24"]
[SourceQuality "1"]

1. d4 d5 2. Bg5 c5 3. e4 dxe4 4. d5 Nf6 5. Nc3 Qb6 6. Qd2 Bg4 7. h3 Bf5 8. O-O-O Nbd7 9. Nge2 e5 10. Ng3 Bg6 11. Bc4 Bd6 12. Rhe1 O-O-O 13. Qe2 Qb4 14. Bb3 h6 15. Nb5 hxg5 16. Nxd6+ Kb8 17. a3 Qb6 18. Ndxe4 Nxe4 19. Nxe4 Bxe4 20. Qxe4 Rh4 21. Qf5 Rf4 22. Qxg5 c4 23. Ba2 c3 24. bxc3 Qa5 25. Kb2 f6 26. Qxg7 Rc8 27. Bb3 Qxc3+ 28. Ka2 Rxf2 29. Qxd7 Rxc2+ 1/2-1/2

[Event "Quebec-ch qual"]
[Site "Quebec CAN"]
[Date "2004.05.21"]
[Round "1"]
[White "Filiatrault, Alexandre"]
[Black "Caire, Francois"]
[Result "1-0"]
[WhiteElo "1641"]
[BlackElo "2097"]
[PlyCount "63"]
[GameId "2160767911158297"]
[EventDate "2004.05.??"]
[EventType "swiss"]
[EventRounds "5"]
[EventCountry "CAN"]
[SourceTitle "EXT 2006"]
[Source "ChessBase"]
[SourceDate "2005.11.24"]
[SourceVersion "1"]
[SourceVersionDate "2005.11.24"]
[SourceQuality "1"]

1. e4 c5 2. f4 g6 3. Nf3 Bg7 4. d3 Nc6 5. c3 d6 6. Be2 Nf6 7. O-O O-O 8. Na3 Bd7 9. h3 a6 10. Nc2 b5 11. Qe1 e6 12. g4 Ne8 13. Be3 f5 14. gxf5 gxf5 15. Kh2 Nf6 16. e5 Nd5 17. exd6 Nxe3 18. Nxe3 Be8 19. Rg1 Qxd6 20. Qh4 Bg6 21. Rxg6 hxg6 22. Ng5 Rf6 23. Rg1 e5 24. Bf3 e4 25. dxe4 Qd2+ 26. Ng2 Ra7 27. e5 Nxe5 28. fxe5 Rb6 29. Rd1 Bxe5+ 30. Kh1 Qxb2 31. Rd8+ Kg7 32. Qh8# 1-0

[Event "Quebec-ch qual"]
[Site "Quebec CAN"]
[Date "2004.05.22"]
[Round "2"]
[White "Berube, Antoine"]
[Black "Filiatrault, Alexandre"]
[Result "0-1"]
[WhiteElo "2011"]
[BlackElo "1641"]
[PlyCount "80"]
[GameId "2160767911158298"]
[EventDate "2004.05.??"]
[EventType "swiss"]
[EventRounds "5"]
[EventCountry "CAN"]
[SourceTitle "EXT 2006"]
[Source "ChessBase"]
[SourceDate "2005.11.24"]
[SourceVersion "1"]
[SourceVersionDate "2005.11.24"]
[SourceQuality "1"]

1. d4 Nf6 2. c4 c5 3. d5 e5 4. Nc3 d6 5. e4 g6 6. Bd3 Bg7 7. Nge2 O-O 8. O-O Nh5 9. Be3 f5 10. f4 exf4 11. Nxf4 Nxf4 12. Bxf4 g5 13. Bd2 f4 14. e5 Bxe5 15. Qh5 Qe7 16. Rae1 Qg7 17. Kh1 Nd7 18. Ne4 h6 19. Qe2 Nf6 20. Nxc5 Ng4 21. Ne6 Bxe6 22. dxe6 Nxh2 23. c5 Nxf1 24. Rxf1 dxc5 25. Re1 Bf6 26. Bc4 Rfe8 27. b3 Kh8 28. Qh5 Re7 29. Bc1 Rd8 30. Ba3 b6 31. Bb5 Rd6 32. Bc4 Bd4 33. b4 Qf6 34. Qf3 Rdxe6 35. Bxe6 Rxe6 36. Qa8+ Kg7 37. Rd1 Qe7 38. Qf3 Re1+ 39. Kh2 Rxd1 40. Qxd1 Qe3 0-1

[Event "Quebec-ch qual"]
[Site "Quebec CAN"]
[Date "2004.05.22"]
[Round "2"]
[White "Carrier, Claude"]
[Black "Audet-Bouchard, Nicolas"]
[Result "1/2-1/2"]
[WhiteElo "1917"]
[BlackElo "2084"]
[PlyCount "83"]
[GameId "2160767911158299"]
[EventDate "2004.05.??"]
[EventType "swiss"]
[EventRounds "5"]
[EventCountry "CAN"]
[SourceTitle "EXT 2006"]
[Source "ChessBase"]
[SourceDate "2005.11.24"]
[SourceVersion "1"]
[SourceVersionDate "2005.11.24"]
[SourceQuality "1"]

1. e4 c5 2. Nf3 Nc6 3. d4 cxd4 4. Nxd4 e5 5. Nb5 a6 6. Nd6+ Bxd6 7. Qxd6 Qf6 8. Qc7 Qg6 9. f3 Nge7 10. Nc3 O-O 11. Be3 d5 12. exd5 Nb4 13. Bd3 Qxg2 14. Rg1 Qxf3 15. Bc5 Nbxd5 16. Qxe5 f6 17. Qe4 Qxe4+ 18. Bxe4 Nxc3 19. bxc3 Re8 20. O-O-O Nc6 21. Bxc6 bxc6 22. Rd6 Bf5 23. Rxf6 Bg6 24. Rf2 Rab8 25. Rg4 Bh5 26. Rb4 Rb5 27. Rxb5 axb5 28. Kb2 Bf7 29. Rd2 Bd5 30. Rf2 h6 31. Rf4 Re2 32. Rf2 Rxf2 33. Bxf2 g5 34. a3 Kf7 35. Kc1 Ke6 36. Kd2 Kf5 37. Ke3 h5 38. Bg3 Kg4 39. Kf2 Be4 40. c4 Bxc2 41. cxb5 cxb5 42. Bd6 1/2-1/2

[Event "Quebec-ch qual"]
[Site "Quebec CAN"]
[Date "2004.05.22"]
[Round "2"]
[White "Tremblay, Rejean"]
[Black "Godbout, Mathieu"]
[Result "1-0"]
[WhiteElo "2168"]
[BlackElo "1808"]
[PlyCount "51"]
[GameId "2160767911158300"]
[EventDate "2004.05.??"]
[EventType "swiss"]
[EventRounds "5"]
[EventCountry "CAN"]
[SourceTitle "EXT 2006"]
[Source "ChessBase"]
[SourceDate "2005.11.24"]
[SourceVersion "1"]
[SourceVersionDate "2005.11.24"]
[SourceQuality "1"]

1. d4 Nf6 2. Nf3 g6 3. c4 Bg7 4. Nc3 O-O 5. e4 d6 6. Be2 e5 7. dxe5 dxe5 8. Qxd8 Rxd8 9. Bg5 Re8 10. O-O-O Na6 11. Ne1 c6 12. f3 Nc5 13. Nc2 a5 14. b3 h6 15. Be3 Bf8 16. Kb2 Be6 17. Rd2 Kg7 18. Rhd1 Nfd7 19. Ne1 Nb8 20. Nd3 Nba6 21. Nxe5 f5 22. Bd4 Kh7 23. exf5 Bxf5 24. g4 Be6 25. f4 Bg7 26. Bf3 1-0

[Event "Quebec-ch qual"]
[Site "Quebec CAN"]
[Date "2004.05.22"]
[Round "3"]
[White "Champetier, Serge"]
[Black "Carrier, Claude"]
[Result "1/2-1/2"]
[WhiteElo "1988"]
[BlackElo "1917"]
[PlyCount "70"]
[GameId "2160767911158301"]
[EventDate "2004.05.??"]
[EventType "swiss"]
[EventRounds "5"]
[EventCountry "CAN"]
[SourceTitle "EXT 2006"]
[Source "ChessBase"]
[SourceDate "2005.11.24"]
[SourceVersion "1"]
[SourceVersionDate "2005.11.24"]
[SourceQuality "1"]

1. d4 Nf6 2. Bg5 d5 3. Bxf6 exf6 4. e3 Be6 5. Bd3 Be7 6. Ne2 Nc6 7. O-O Nb4 8. Bb5+ c6 9. Ba4 O-O 10. c3 Na6 11. b4 Nc7 12. Nd2 b5 13. Bc2 a5 14. a3 f5 15. Nb3 a4 16. Nc5 Ne8 17. Qd3 g6 18. Nf4 Qc8 19. f3 Nd6 20. Nfxe6 fxe6 21. Qe2 Nc4 22. Nd3 Bd6 23. f4 Ra7 24. Ne5 Bxe5 25. fxe5 Rg7 26. Bd3 Nb6 27. Rf2 Qd8 28. Raf1 Nd7 29. Kh1 h5 30. Qf3 Rff7 31. g3 Qg5 32. Rg1 Qh6 33. Be2 Rh7 34. Rfg2 g5 35. h4 g4 1/2-1/2

[Event "Quebec-ch qual"]
[Site "Quebec CAN"]
[Date "2004.05.22"]
[Round "3"]
[White "Filiatrault, Alexandre"]
[Black "Audet-Bouchard, Nicolas"]
[Result "0-1"]
[WhiteElo "1641"]
[BlackElo "2084"]
[PlyCount "76"]
[GameId "2160767911158302"]
[EventDate "2004.05.??"]
[EventType "swiss"]
[EventRounds "5"]
[EventCountry "CAN"]
[SourceTitle "EXT 2006"]
[Source "ChessBase"]
[SourceDate "2005.11.24"]
[SourceVersion "1"]
[SourceVersionDate "2005.11.24"]
[SourceQuality "1"]

1. e4 c5 2. f4 Nc6 3. Nf3 g6 4. c3 d5 5. e5 Bf5 6. Be2 e6 7. O-O h5 8. Na3 a6 9. Nc2 Nh6 10. d3 Be7 11. h3 h4 12. Qe1 c4 13. Qd1 cxd3 14. Bxd3 Bxd3 15. Qxd3 Nf5 16. Be3 Rc8 17. Ncd4 Ncxd4 18. Bxd4 Kf8 19. Bf2 Kg7 20. Nd4 Nxd4 21. Bxd4 Rc4 22. Qe3 b5 23. b3 Rc6 24. a4 b4 25. cxb4 Bxb4 26. Rac1 Qc7 27. Rxc6 Qxc6 28. Rc1 Qb7 29. Rc2 Rb8 30. Qd3 Be1 31. Rb2 Bg3 32. b4 Rc8 33. Kf1 Rc1+ 34. Ke2 Qc6 35. b5 Re1+ 36. Kf3 Qc1 37. Rd2 Rf1+ 38. Bf2 Rxf2+ 0-1

[Event "Quebec-ch qual"]
[Site "Quebec CAN"]
[Date "2004.05.22"]
[Round "3"]
[White "Plante, Hendrick"]
[Black "Tremblay, Rejean"]
[Result "0-1"]
[WhiteElo "1902"]
[BlackElo "2168"]
[PlyCount "66"]
[GameId "2160767911158303"]
[EventDate "2004.05.??"]
[EventType "swiss"]
[EventRounds "5"]
[EventCountry "CAN"]
[SourceTitle "EXT 2006"]
[Source "ChessBase"]
[SourceDate "2005.11.24"]
[SourceVersion "1"]
[SourceVersionDate "2005.11.24"]
[SourceQuality "1"]

1. d4 Nf6 2. c4 g6 3. Nc3 Bg7 4. e4 d6 5. f4 O-O 6. Nf3 c5 7. dxc5 Qa5 8. Bd2 Qxc5 9. Rb1 Qc7 10. Bd3 Nbd7 11. O-O a6 12. Qe2 e6 13. h3 Nc5 14. Bc2 e5 15. fxe5 dxe5 16. Be3 Ne6 17. Nd5 Nxd5 18. cxd5 Nf4 19. Qd2 Bd7 20. Rbc1 Qd6 21. b4 b6 22. Nxe5 Nxh3+ 23. gxh3 Bxe5 24. Rf3 Rac8 25. Qf2 Rc3 26. Bb3 Rxc1+ 27. Bxc1 Qxb4 28. Bd2 Qxe4 29. Qg2 a5 30. Kh1 a4 31. Re3 Qxg2+ 32. Kxg2 axb3 33. Rxe5 b2 0-1

[Event "Quebec-ch qual"]
[Site "Quebec CAN"]
[Date "2004.05.23"]
[Round "4"]
[White "Audet-Bouchard, Nicolas"]
[Black "Tremblay, Rejean"]
[Result "1-0"]
[WhiteElo "2084"]
[BlackElo "2168"]
[PlyCount "115"]
[GameId "2160767911158304"]
[EventDate "2004.05.??"]
[EventType "swiss"]
[EventRounds "5"]
[EventCountry "CAN"]
[SourceTitle "EXT 2006"]
[Source "ChessBase"]
[SourceDate "2005.11.24"]
[SourceVersion "1"]
[SourceVersionDate "2005.11.24"]
[SourceQuality "1"]

1. e4 e6 2. d4 d5 3. Nc3 dxe4 4. Nxe4 Nd7 5. Nf3 Ngf6 6. Bg5 h6 7. Nxf6+ Nxf6 8. Bxf6 Qxf6 9. Bb5+ c6 10. Bd3 Bd6 11. Qe2 O-O 12. O-O-O c5 13. h4 cxd4 14. g4 Qf4+ 15. Nd2 Bd7 16. g5 Bc6 17. Rhg1 Bb4 18. gxh6 Qxh6 19. Rg5 Bxd2+ 20. Rxd2 Rfd8 21. Qg4 Rd7 22. f4 Re8 23. Rd1 Rd5 24. Rg1 Rxg5 25. fxg5 Qh8 26. h5 Bd5 27. Kb1 a6 28. Rf1 Re7 29. g6 Qh6 30. Qxd4 Qxh5 31. c4 fxg6 32. cxd5 exd5 33. Qf4 Kh7 34. a3 Qh3 35. Bc2 Re2 36. Qf7 Rg2 37. Rc1 d4 38. Bb3 Qf5+ 39. Ka2 Qxf7 40. Bxf7 Kh6 41. Bd5 Rd2 42. Bxb7 a5 43. Be4 Kg5 44. Rf1 d3 45. Rf3 Kg4 46. Rxd3 Rxd3 47. Bxd3 g5 48. b4 axb4 49. axb4 Kf4 50. b5 Ke5 51. Kb3 g4 52. Kb4 g3 53. Bf1 Kd6 54. Bg2 g5 55. b6 g4 56. Kb5 Kd7 57. Ka6 Kc8 58. Ka7 1-0

[Event "Quebec-ch qual"]
[Site "Quebec CAN"]
[Date "2004.05.23"]
[Round "4"]
[White "Berube, Antoine"]
[Black "Carrier, Claude"]
[Result "1/2-1/2"]
[WhiteElo "2011"]
[BlackElo "1917"]
[PlyCount "85"]
[GameId "2160767911158305"]
[EventDate "2004.05.??"]
[EventType "swiss"]
[EventRounds "5"]
[EventCountry "CAN"]
[SourceTitle "EXT 2006"]
[Source "ChessBase"]
[SourceDate "2005.11.24"]
[SourceVersion "1"]
[SourceVersionDate "2005.11.24"]
[SourceQuality "1"]

1. d4 Nf6 2. c4 g6 3. Nc3 d5 4. cxd5 Nxd5 5. e4 Nxc3 6. bxc3 c5 7. Bc4 Bg7 8. Ne2 O-O 9. O-O Nc6 10. Be3 Bd7 11. Rc1 a6 12. h3 cxd4 13. cxd4 Na5 14. Bd3 Bb5 15. f4 Rc8 16. Rxc8 Qxc8 17. Qd2 Nc4 18. Bxc4 Qxc4 19. Ng3 Rc8 20. e5 e6 21. Rc1 Qxc1+ 22. Qxc1 Rxc1+ 23. Bxc1 Bc4 24. a3 f5 25. Kf2 b5 26. Ne2 Bf8 27. g4 Bxe2 28. Kxe2 h5 29. gxh5 gxh5 30. Kd3 Kf7 31. a4 Bb4 32. axb5 axb5 33. Bd2 Bxd2 34. Kxd2 Ke7 35. Kc3 Kd7 36. Kb4 Kc6 37. h4 Kd5 38. Kxb5 Kxd4 39. Kc6 Ke4 40. Kd6 Kxf4 41. Kxe6 Kg4 42. Kd5 f4 43. e6 1/2-1/2

[Event "Quebec-ch qual"]
[Site "Quebec CAN"]
[Date "2004.05.23"]
[Round "4"]
[White "Filiatrault, Alexandre"]
[Black "Plante, Hendrick"]
[Result "1-0"]
[WhiteElo "1641"]
[BlackElo "1902"]
[PlyCount "54"]
[GameId "2160767911158306"]
[EventDate "2004.05.??"]
[EventType "swiss"]
[EventRounds "5"]
[EventCountry "CAN"]
[SourceTitle "EXT 2006"]
[Source "ChessBase"]
[SourceDate "2005.11.24"]
[SourceVersion "1"]
[SourceVersionDate "2005.11.24"]
[SourceQuality "1"]

1. e4 c5 2. f4 d5 3. exd5 Qxd5 4. Nc3 Qd6 5. Bc4 a6 6. a4 Nf6 7. d3 Bg4 8. Nge2 e6 9. O-O Be7 10. h3 Bh5 11. g4 Nxg4 12. hxg4 Bxg4 13. Qe1 h5 14. Ne4 Qc6 15. Bb5 axb5 16. axb5 Qd5 17. Rxa8 O-O 18. N2c3 Qf5 19. Be3 Qg6 20. Kh2 b6 21. Bf2 f5 22. Ng5 Bxg5 23. fxg5 Qxg5 24. Qxe6+ Kh7 25. Qe1 Qf6 26. Bg3 Kg6 27. Rxb8 Rxb8 1-0

[Event "Quebec-ch qual"]
[Site "Quebec CAN"]
[Date "2004.05.23"]
[Round "5"]
[White "Carrier, Claude"]
[Black "Godbout, Mathieu"]
[Result "0-1"]
[WhiteElo "1917"]
[BlackElo "1808"]
[PlyCount "62"]
[GameId "2160767911158308"]
[EventDate "2004.05.??"]
[EventType "swiss"]
[EventRounds "5"]
[EventCountry "CAN"]
[SourceTitle "EXT 2006"]
[Source "ChessBase"]
[SourceDate "2005.11.24"]
[SourceVersion "1"]
[SourceVersionDate "2005.11.24"]
[SourceQuality "1"]

1. e4 Nf6 2. e5 Nd5 3. d4 d6 4. Bc4 c6 5. Nf3 dxe5 6. dxe5 Bg4 7. Nc3 e6 8. h3 Bh5 9. Nxd5 cxd5 10. Bb5+ Nc6 11. Bxc6+ bxc6 12. O-O Bc5 13. c3 a5 14. Qa4 O-O 15. Qxc6 Rc8 16. Qa4 Bxf3 17. gxf3 f6 18. Qg4 Qb6 19. b4 axb4 20. cxb4 Bd4 21. Bh6 Rc7 22. Rac1 Rfc8 23. exf6 Bxf6 24. Rxc7 Rxc7 25. Rc1 Rxc1+ 26. Bxc1 Bd4 27. Be3 Bxe3 28. fxe3 Qxe3+ 29. Kh2 d4 30. b5 d3 31. Qh5 h6 0-1

[Event "Quebec-ch qual"]
[Site "Quebec CAN"]
[Date "2004.05.23"]
[Round "5"]
[White "Champetier, Serge"]
[Black "Audet-Bouchard, Nicolas"]
[Result "1/2-1/2"]
[WhiteElo "1988"]
[BlackElo "2084"]
[PlyCount "34"]
[GameId "2160767911158309"]
[EventDate "2004.05.??"]
[EventType "swiss"]
[EventRounds "5"]
[EventCountry "CAN"]
[SourceTitle "EXT 2006"]
[Source "ChessBase"]
[SourceDate "2005.11.24"]
[SourceVersion "1"]
[SourceVersionDate "2005.11.24"]
[SourceQuality "1"]

1. d4 Nf6 2. Bg5 c5 3. d5 Qb6 4. Bc1 g6 5. g3 Bg7 6. Nc3 d6 7. Bg2 O-O 8. Nh3 e5 9. O-O Ne8 10. a4 h6 11. a5 Qd8 12. f4 exf4 13. Nxf4 Nd7 14. a6 Ne5 15. axb7 Bxb7 16. h3 Nc7 17. e4 a5 1/2-1/2

[Event "Quebec-ch qual"]
[Site "Quebec CAN"]
[Date "2004.05.23"]
[Round "5"]
[White "Fortier, Bertrand"]
[Black "Berube, Antoine"]
[Result "1-0"]
[WhiteElo "1400"]
[BlackElo "2011"]
[PlyCount "51"]
[GameId "2160767911158310"]
[EventDate "2004.05.??"]
[EventType "swiss"]
[EventRounds "5"]
[EventCountry "CAN"]
[SourceTitle "EXT 2006"]
[Source "ChessBase"]
[SourceDate "2005.11.24"]
[SourceVersion "1"]
[SourceVersionDate "2005.11.24"]
[SourceQuality "1"]

1. e4 c5 2. Nc3 d6 3. f4 g6 4. Nf3 Bg7 5. d4 cxd4 6. Nxd4 Nc6 7. Be3 Bd7 8. Be2 Qa5 9. O-O Nf6 10. Bd3 Ng4 11. Nxc6 Bxc6 12. Qxg4 O-O 13. Bd2 Qb6+ 14. Kh1 Qxb2 15. Rab1 Qa3 16. Nd5 f5 17. Qg3 Bxd5 18. exd5 b6 19. Bxf5 Qxa2 20. Be6+ Kh8 21. Qb3 Qa6 22. Bc3 Qe2 23. Qb2 Bxc3 24. Qxc3+ Rf6 25. Rbe1 Qa6 26. g4 1-0

[Event "Quebec-ch qual"]
[Site "Quebec CAN"]
[Date "2004.05.23"]
[Round "5"]
[White "Tremblay, Rejean"]
[Black "Filiatrault, Alexandre"]
[Result "1-0"]
[WhiteElo "2168"]
[BlackElo "1641"]
[PlyCount "61"]
[GameId "2160767911158311"]
[EventDate "2004.05.??"]
[EventType "swiss"]
[EventRounds "5"]
[EventCountry "CAN"]
[SourceTitle "EXT 2006"]
[Source "ChessBase"]
[SourceDate "2005.11.24"]
[SourceVersion "1"]
[SourceVersionDate "2005.11.24"]
[SourceQuality "1"]

1. d4 Nf6 2. c4 c5 3. d5 e5 4. Nc3 d6 5. e4 Be7 6. f4 exf4 7. Bxf4 O-O 8. Bd3 a6 9. Nf3 Bg4 10. O-O Nbd7 11. h3 Bxf3 12. gxf3 Nh5 13. Bh2 Ne5 14. f4 Nxd3 15. Qxd3 Qd7 16. a4 f5 17. e5 dxe5 18. fxe5 f4 19. d6 Bh4 20. Qd5+ Kh8 21. e6 Qe8 22. e7 Rf6 23. Rad1 Rg6+ 24. Kh1 Ng3+ 25. Bxg3 Rxg3 26. Rf3 Qd7 27. Rxg3 fxg3 28. Kg2 Bf6 29. Ne4 Rc8 30. Nxf6 gxf6 31. Qf7 1-0

[Event "Quebec-ch qual 1"]
[Site "Montreal CAN"]
[Date "2004.04.30"]
[Round "1"]
[White "Anastasovski, Nikola"]
[Black "Lefebvre, Gabriel"]
[Result "1-0"]
[WhiteElo "2051"]
[BlackElo "1465"]
[PlyCount "63"]
[GameId "2160767911158378"]
[EventDate "2004.04.30"]
[EventType "swiss"]
[EventRounds "5"]
[EventCountry "CAN"]
[SourceTitle "EXT 2005"]
[Source "ChessBase"]
[SourceDate "2004.11.15"]
[SourceVersion "1"]
[SourceVersionDate "2004.11.15"]
[SourceQuality "1"]

1. e4 g6 2. c4 c5 3. Nc3 Bg7 4. g3 Nc6 5. Bg2 d6 6. d3 Nf6 7. h3 O-O 8. Be3 Qa5 9. Qd2 Nd4 10. Rc1 a6 11. Nge2 e5 12. f4 b5 13. b3 Rb8 14. fxe5 dxe5 15. O-O Rd8 16. Bg5 Rd6 17. Nxd4 cxd4 18. Nd5 Qxd2 19. Bxd2 bxc4 20. bxc4 Nxd5 21. exd5 Rb2 22. c5 Rd8 23. Ba5 Rf8 24. Rf2 Rxf2 25. Kxf2 f6 26. Bd2 f5 27. Ke2 Re8 28. d6 Bf8 29. Bc6 Rd8 30. Bg5 Bd7 31. Bd5+ Kg7 32. Bxd8 1-0

[Event "Quebec-ch qual 1"]
[Site "Montreal CAN"]
[Date "2004.04.30"]
[Round "1"]
[White "Chabot, Dominic"]
[Black "Rodriguez, Aaron"]
[Result "0-1"]
[WhiteElo "1504"]
[BlackElo "1805"]
[PlyCount "73"]
[GameId "2160767911158379"]
[EventDate "2004.04.30"]
[EventType "swiss"]
[EventRounds "5"]
[EventCountry "CAN"]

1. e4 g6 2. d4 Bg7 3. e5 d6 4. f4 c5 5. dxc5 dxe5 6. Qxd8+ Kxd8 7. fxe5 Bxe5 8. Nf3 Bg7 9. Bc4 e6 10. O-O Nd7 11. Ng5 Nh6 12. Nxf7+ Nxf7 13. Rxf7 Bd4+ 14. Kf1 Ne5 15. Rf4 Bxc5 16. Bb3 b6 17. Nc3 Ba6+ 18. Ke1 Ke7 19. Ne4 Bb4+ 20. c3 Nd3+ 21. Kd1 Nxf4 22. Bxf4 Bc5 23. Nxc5 bxc5 24. Kc2 c4 25. Ba4 Bb7 26. g3 Be4+ 27. Kc1 a6 28. b3 Rhc8 29. b4 Kf6 30. Bc2 Bf5 31. Bxf5 exf5 32. Kc2 Re8 33. Rd1 Rad8 34. Rd4 g5 35. Bc7 Re2+ 36. Kc1 Rxd4 37. cxd4 0-1

[Event "Quebec-ch qual 1"]
[Site "Montreal CAN"]
[Date "2004.04.30"]
[Round "1"]
[White "Fillion, Steve"]
[Black "Charron, Guillaume"]
[Result "1-0"]
[WhiteElo "2104"]
[BlackElo "1644"]
[PlyCount "68"]
[GameId "2160767911158380"]
[EventDate "2004.04.30"]
[EventType "swiss"]
[EventRounds "5"]
[EventCountry "CAN"]

1. d4 Nf6 2. c4 e6 3. Nf3 d5 4. Nc3 Be7 5. Bg5 Nbd7 6. e3 O-O 7. cxd5 exd5 8. Bd3 c6 9. Qc2 h6 10. Bh4 b6 11. O-O Bb7 12. Rad1 Re8 13. Rfe1 Ne4 14. Bxe4 Bxh4 15. Bh7+ Kh8 16. Bf5 Bf6 17. e4 dxe4 18. Nxe4 Qc7 19. Bxd7 Qxd7 20. Nxf6 gxf6 21. Qd2 Kg7 22. Qf4 Qd5 23. Nh4 Qg5 24. Nf5+ Kg6 25. Ne7+ Kg7 26. Qc7 Bc8 27. Re3 Kh7 28. Rg3 Qh5 29. Re1 Be6 30. h3 Bd5 31. Qf4 f5 32. Re5 Rxe7 33. Rxe7 a5 34. Qe5 Rg8 1-0

[Event "Quebec-ch qual 1"]
[Site "Montreal CAN"]
[Date "2004.04.30"]
[Round "1"]
[White "Fournier, Christian"]
[Black "Gauthier, Denis"]
[Result "0-1"]
[WhiteElo "1457"]
[BlackElo "2018"]
[PlyCount "29"]
[GameId "2160767911158381"]
[EventDate "2004.04.30"]
[EventType "swiss"]
[EventRounds "5"]
[EventCountry "CAN"]

1. e4 d5 2. exd5 Nf6 3. c4 c6 4. d4 cxd5 5. Nc3 g6 6. Nf3 Bg7 7. Be2 O-O 8. O-O dxc4 9. Bxc4 b6 10. Be3 Bb7 11. Ne5 Nc6 12. f4 e6 13. Be2 Nb4 14. a3 Nbd5 15. Bf3 0-1

[Event "Quebec-ch qual 1"]
[Site "Montreal CAN"]
[Date "2004.04.30"]
[Round "1"]
[White "Goldner, John"]
[Black "Bolduc, Steve"]
[Result "0-1"]
[WhiteElo "1737"]
[BlackElo "2295"]
[PlyCount "85"]
[GameId "2160767911158382"]
[EventDate "2004.04.30"]
[EventType "swiss"]
[EventRounds "5"]
[EventCountry "CAN"]

1. e4 c5 2. Nf3 Nc6 3. d4 cxd4 4. Nxd4 g6 5. Nc3 Bg7 6. Be3 Nf6 7. Bc4 O-O 8. Bb3 Ng4 9. Qxg4 Nxd4 10. Qg3 Qa5 11. O-O Qxc3 12. bxc3 Ne2+ 13. Kh1 Nxg3+ 14. hxg3 Bxc3 15. Rad1 b6 16. Bd4 Bxd4 17. Rxd4 d6 18. Bd5 Rb8 19. Bb3 Be6 20. f3 Rfc8 21. Rd2 b5 22. Kg1 Bc4 23. Rff2 a5 24. Rd4 Bxb3 25. axb3 Ra8 26. Rd5 a4 27. Rxb5 a3 28. Rf1 a2 29. Ra1 Rxc2 30. Kh2 Rb2 31. b4 Rb1 32. Rxa2 Rxa2 33. Rb7 e6 34. b5 Rab2 35. Rd7 Rxb5 36. g4 d5 37. e5 Rb7 38. Rd6 g5 39. Kh3 Kf8 40. g3 Ke7 41. Ra6 Rd7 42. Ra3 d4 43. Rd3 0-1